000 01294nam a2200301 a 4500
001 BRCA_2586
005 20190320203858.0
008 281108s1877----sp-a---###---#000-0#spa-u
041 _aspa
044 _asp
084 _a177
_b.F47
_c1877
100 1 _aCervantes Saavedra, Miguel de
_d1547-1616
_9213
245 1 0 _aEl Ingenioso Hidalgo Don Quijote de la Mancha
_cpor Miguel de Cervantes Saavedra.
260 _aSevilla
_bJosé G. Fernández
_c1877
300 _a2 v.
_bil.
_c13 cm.
440 0 _aBiblioteca de la infancia
_97387
500 _aContenido : v 1. Primera parte. Texto. -- v 2. Segunda parte. Texto
500 _aEdición para niños, muy abreviada. Bastante bien impresa, con tipos claros y líneas espaciadas. Va adornada con un retrato de Cervantes y cromolitografías. Tela; lomeras y planos adornados Lúdovik Osterc
500 _aEstado físico : El volumen 1 presenta con la encuadernación desprendida
500 _aQM170
650 1 4 _aNovela española
_yÉpoca clásica, 1500-1700
_9215
650 1 4 _aLiteratura española
_yÉpoca clásica, 1500-1700
_9216
650 1 4 _aNovela española
_ySiglo XVII
_9217
650 1 4 _aDon Quijote (Personaje ficticio)
_eNovela
_9218
740 0 _aEl Ingenioso Hidalgo Don Quijote de la Mancha
902 _aQFM
942 _2lcc
_cB
999 _c2326
_d2326